AQA GCSE design and technology: product design (Record no. 84317)
[ view plain ]
| 000 -LEADER | |
|---|---|
| fixed length control field | 01412nam a2200253 a 4500 |
| 008 - FIXED-LENGTH DATA ELEMENTS--GENERAL INFORMATION | |
| fixed length control field | 201113s2014 ||||||||||||||||| || u |
| 020 ## - INTERNATIONAL STANDARD BOOK NUMBER | |
| International Standard Book Number | 9781408502761 |
| 050 ## - LIBRARY OF CONGRESS CALL NUMBER | |
| Classification number | TA 174 Des |
| 100 ## - MAIN ENTRY--PERSONAL NAME | |
| Personal name | Bennett, Andrea |
| 245 10 - TITLE STATEMENT | |
| Title | AQA GCSE design and technology: product design |
| Statement of responsibility, etc. | By Brian Russell; Krysia Ballance; Andrea Bennett; Nicola Deacon; Jeff Draisey |
| 260 ## - PUBLICATION, DISTRIBUTION, ETC. | |
| Place of publication, distribution, etc. | Oxford |
| Name of publisher, distributor, etc. | Oxford University Press |
| Date of publication, distribution, etc. | 2014 |
| 300 ## - PHYSICAL DESCRIPTION | |
| Extent | 184 pages: illustrations |
| 650 ## - SUBJECT ADDED ENTRY--TOPICAL TERM | |
| Topical term or geographic name entry element | DESIGN AND TECHNOLOGY |
| 650 ## - SUBJECT ADDED ENTRY--TOPICAL TERM | |
| Topical term or geographic name entry element | PRODUCT DESIGN--TECHNOLOGY INNOVATIONS |
| 650 ## - SUBJECT ADDED ENTRY--TOPICAL TERM | |
| Topical term or geographic name entry element | MATERIALS--TECHNOLOGY INNOVATIONS |
| 700 ## - ADDED ENTRY--PERSONAL NAME | |
| Personal name | Russell, Brian |
| 700 ## - ADDED ENTRY--PERSONAL NAME | |
| Personal name | Deacon, Nicola |
| 700 ## - ADDED ENTRY--PERSONAL NAME | |
| Personal name | Draisey. Jeff |
| 700 ## - ADDED ENTRY--PERSONAL NAME | |
| Personal name | Ballance, Krysia |
| 995 ## - | |
| -- | MAIN LIBRARY OPEN ACCESS |
| -- | 750610 |
| -- | CBU-MAIN LIBRARY (Kitwe) |
| -- | 38.10 |
| -- | TA 174 Des |
| -- | 4 |
| -- | AVAILABLE |
| -- | Dec 10, 2020 |
| -- | 750610 |
| -- | Main Library Open Access Collection |
| 995 ## - | |
| -- | MEDICAL LIBRARY OPEN ACCESS |
| -- | 905169 |
| -- | CBU-SCHOOL OF MEDICINE LIBRARY (Ndola) |
| -- | 55.40 |
| -- | TA 174 Des |
| -- | 1 |
| -- | AVAILABLE |
| -- | Nov 17, 2020 |
| -- | 905169 |
| -- | Medical Library Open Access Collection |
| 995 ## - | |
| -- | MEDICAL LIBRARY OPEN ACCESS |
| -- | 905170 |
| -- | CBU-SCHOOL OF MEDICINE LIBRARY (Ndola) |
| -- | 55.40 |
| -- | TA 174 Des |
| -- | 2 |
| -- | AVAILABLE |
| -- | Nov 17, 2020 |
| -- | 905170 |
| -- | Medical Library Open Access Collection |
| 995 ## - | |
| -- | MAIN LIBRARY OPEN ACCESS |
| -- | 750609 |
| -- | CBU-MAIN LIBRARY (Kitwe) |
| -- | 38.10 |
| -- | TA 174 Des |
| -- | 3 |
| -- | AVAILABLE |
| -- | Dec 10, 2020 |
| -- | 750609 |
| -- | Main Library Open Access Collection |
| 999 ## - | |
| -- | 84317 |
| -- | 84317 |
No items available.